Do legal prescriptions ensure public accountability?: (Record no. 506527)

000 -LEADER
fixed length control field 00676nam a2200193Ia 4500
008 - FIXED-LENGTH DATA ELEMENTS--GENERAL INFORMATION
fixed length control field 181130s2018 xx 000 0 und d
100 ## - MAIN ENTRY--PERSONAL NAME
Personal name Ahsan, A.H.M. Kamrul
245 ## - TITLE STATEMENT
Title Do legal prescriptions ensure public accountability?:
Remainder of title insights and lessons from local governments in Bangladesh
260 ## - PUBLICATION, DISTRIBUTION, ETC.
Date of publication, distribution, etc. 2018
300 ## - PHYSICAL DESCRIPTION
Extent p.57-67.
504 ## - BIBLIOGRAPHY, ETC. NOTE
-- Mar
650 ## - SUBJECT ADDED ENTRY--TOPICAL TERM
Topical term or geographic name entry element Accountability - Bangladesh
650 ## - SUBJECT ADDED ENTRY--TOPICAL TERM
Topical term or geographic name entry element Governance - Bangladesh
650 ## - SUBJECT ADDED ENTRY--TOPICAL TERM
Topical term or geographic name entry element Local government - Bangladesh
650 ## - SUBJECT ADDED ENTRY--TOPICAL TERM
Topical term or geographic name entry element Public accountability
700 ## - ADDED ENTRY--PERSONAL NAME
Personal name Chowdhury, Mst. Shuvra and Panday, Pranab
773 ## - HOST ITEM ENTRY
Main entry heading Asia Pacific Journal of Public Administration
906 ## - LOCAL DATA ELEMENT F, LDF (RLIN)
a Local government - Bangladesh
Holdings
Withdrawn status Lost status Damaged status Not for loan Permanent Location Current Location Date acquired Serial Enumeration / chronology Barcode Date last seen Price effective from Koha item type
        Indian Institute of Public Administration Indian Institute of Public Administration 2018-12-07 40(1), Mar, 2018: p.57-67. AR118322 2018-12-07 2018-12-07 Articles

Powered by Koha